000 00812nam a22001815i 4500
001 168021
003 ES-MaACL
005 20230906213645.0
008 020327s1865 sp |||| | spa d
040 _aCAM
_bspa
_cCAM
100 1 _aWrathny, Carlos.
_9133968
245 1 0 _aCon la horma de su zapato
_b: zarzuela original en tres actos /
_cletra y música de Carlos Wrathny.
260 _aMadrid :
_b[s.n.],
_c1865 (
_fImprenta de José Rodriguez)
300 _a84, [2] p. ;
_c20 cm.
596 1 _aEn verso de la port. consta: "... Galeria dramática y lírica titulada El Teatro ..."
599 1 _aLas [2] p. partitura con música para esta obra.
852 _aES-MaACL
_jF-8568(12)
_z-- Enc. pasta española
_z-- Enc. en un vol. facticio, formando parte de la col. facticia "Teatro español moderno", vol. 21
999 _c168021
_d168021